<?xml version="1.0" encoding="UTF-8"?><?xml-stylesheet type="text/xsl" href="static/style.xsl"?><OAI-PMH xmlns="http://www.openarchives.org/OAI/2.0/" xmlns:xsi="http://www.w3.org/2001/XMLSchema-instance" xsi:schemaLocation="http://www.openarchives.org/OAI/2.0/ http://www.openarchives.org/OAI/2.0/OAI-PMH.xsd"><responseDate>2026-04-17T06:03:14Z</responseDate><request verb="GetRecord" identifier="oai:www.recercat.cat:11351/12964" metadataPrefix="marc">https://recercat.cat/oai/request</request><GetRecord><record><header><identifier>oai:recercat.cat:11351/12964</identifier><datestamp>2025-05-03T03:19:13Z</datestamp><setSpec>com_2072_378070</setSpec><setSpec>com_2072_378040</setSpec><setSpec>col_2072_378092</setSpec></header><metadata><record xmlns="http://www.loc.gov/MARC21/slim" xmlns:dcterms="http://purl.org/dc/terms/" xmlns:xsi="http://www.w3.org/2001/XMLSchema-instance" xmlns:doc="http://www.lyncode.com/xoai" xsi:schemaLocation="http://www.loc.gov/MARC21/slim http://www.loc.gov/standards/marcxml/schema/MARC21slim.xsd">
   <leader>00925njm 22002777a 4500</leader>
   <datafield ind2=" " ind1=" " tag="042">
      <subfield code="a">dc</subfield>
   </datafield>
   <datafield ind2=" " ind1=" " tag="720">
      <subfield code="a">Sanchez Mauriño, Pedro</subfield>
      <subfield code="e">author</subfield>
   </datafield>
   <datafield ind2=" " ind1=" " tag="720">
      <subfield code="a">Serrano Domingo, Juan Jose</subfield>
      <subfield code="e">author</subfield>
   </datafield>
   <datafield ind2=" " ind1=" " tag="720">
      <subfield code="a">García Galindo , Regina</subfield>
      <subfield code="e">author</subfield>
   </datafield>
   <datafield ind2=" " ind1=" " tag="720">
      <subfield code="a">Sequero-Lopez, Silvia</subfield>
      <subfield code="e">author</subfield>
   </datafield>
   <datafield ind2=" " ind1=" " tag="720">
      <subfield code="a">Gutierrez Sanz, Lourdes</subfield>
      <subfield code="e">author</subfield>
   </datafield>
   <datafield ind2=" " ind1=" " tag="720">
      <subfield code="a">SORIA RIVAS, AINARA</subfield>
      <subfield code="e">author</subfield>
   </datafield>
   <datafield ind2=" " ind1=" " tag="720">
      <subfield code="a">MUÑOZ COUSELO, EVA</subfield>
      <subfield code="e">author</subfield>
   </datafield>
   <datafield ind2=" " ind1=" " tag="260">
      <subfield code="c">2025-04-17T06:59:56Z</subfield>
   </datafield>
   <datafield ind2=" " ind1=" " tag="260">
      <subfield code="c">2025-04-17T06:59:56Z</subfield>
   </datafield>
   <datafield ind2=" " ind1=" " tag="260">
      <subfield code="c">2025-02-26</subfield>
   </datafield>
   <datafield ind2=" " ind1=" " tag="520">
      <subfield code="a">Immune checkpoint inhibitors; Melanoma; Mutation</subfield>
   </datafield>
   <datafield ind2=" " ind1=" " tag="520">
      <subfield code="a">Inhibidores de puntos de control inmunitario; Melanoma; Mutación</subfield>
   </datafield>
   <datafield ind2=" " ind1=" " tag="520">
      <subfield code="a">Inhibidors de punts de control immunitari; Melanoma; Mutació</subfield>
   </datafield>
   <datafield ind2=" " ind1=" " tag="520">
      <subfield code="a">Purpose: Combined BRAF/MEK inhibition with encorafenib (E) plus binimetinib (B) has demonstrated efficacy and tolerability in phase III clinical trials, and is the standard of care for advanced/metastatic BRAFV600-mutant melanoma. However, real-life evidence is limited, particularly in patients pre-treated with immune checkpoint inhibitors (ICI).&#xd;
Patients and methods: BECARE GEM 2002 was a retrospective, non-interventional study aimed at investigating the real-world effectiveness and tolerability of EB in patients with unresectable or metastatic BRAFV600-mutant melanoma conducted at 21 sites in Spain. The primary objective of this study was to characterise the population of patients receiving EB and assess the efficacy and tolerability of EB in real life. The study included patients treated according to standard clinical practice with EB as the 1st line or 2nd line after progression to ICI for an unresectable or metastatic stage. Patients who previously received treatment with BRAF and/or MEK inhibitor, other than as adjuvants, that ended ≥ 6 m before EB were not eligible&#xd;
Results: From September 2021 to March 2023, 117 patients were included; 89 (76.1%) and 28 (23.9%) patients received EB as 1st line and 2nd line, respectively. The median follow-up was 13.8 months (95% CI: 12.0-17.4). In patients with EB as 1st line treatment, ORR and median PFS were 75% and 12 months (95% CI: 9.4-18.6), respectively. In patients with EB as 2nd line treatment after ICI, ORR and median PFS were 77.8% and 12.5 months (95% CI: 6.6-NA), respectively. In patients with brain metastasis ORR and median PFS were 70.8% and 6.3 months (95% CI: 6.1-10.3). Treatment-related adverse events of grade ≥3 were reported in 17 (14.5%) patients; transaminitis (9.4%) and diarrhoea (2.6%) were the most frequent adverse events.&#xd;
Conclusion: In this real-world study, EB treatment demonstrated effectiveness and a consistent safety profile in patients with BRAFV600-mutant melanoma treated according to standard clinical practice, including in those with prior ICI treatment and of brain metastasis; therefore, EB is a feasible treatment option for unresectable and metastatic melanoma.&#xd;
Clinical trial identification: REec: 0004-2021-OBS</subfield>
   </datafield>
   <datafield ind2=" " ind1=" " tag="520">
      <subfield code="a">The author(s) declare financial support was received for the research, authorship, and/or publication of this article. This work was sponsored by the Grupo Español Multidisciplinar Melanoma (GEM) with Industry partner Pierre-Fabre Ibérica. The funder did not have a role in designing or conducting the study.</subfield>
   </datafield>
   <datafield ind1="8" ind2=" " tag="024">
      <subfield code="a">http://hdl.handle.net/11351/12964</subfield>
   </datafield>
   <datafield tag="653" ind2=" " ind1=" ">
      <subfield code="a">Avaluació de resultats (Assistència sanitària)</subfield>
   </datafield>
   <datafield tag="653" ind2=" " ind1=" ">
      <subfield code="a">Quimioteràpia combinada</subfield>
   </datafield>
   <datafield tag="653" ind2=" " ind1=" ">
      <subfield code="a">Proteïnes quinases - Inhibidors - Ús terapèutic</subfield>
   </datafield>
   <datafield tag="653" ind2=" " ind1=" ">
      <subfield code="a">Melanoma - Tractament</subfield>
   </datafield>
   <datafield tag="653" ind2=" " ind1=" ">
      <subfield code="a">Pell - Càncer - Tractament</subfield>
   </datafield>
   <datafield tag="653" ind2=" " ind1=" ">
      <subfield code="a">Anomalies cromosòmiques</subfield>
   </datafield>
   <datafield tag="653" ind2=" " ind1=" ">
      <subfield code="a">ANALYTICAL, DIAGNOSTIC AND THERAPEUTIC TECHNIQUES, AND EQUIPMENT::Therapeutics::Therapeutics::Drug Therapy::Antineoplastic Protocols::Therapeutics::Drug Therapy::Antineoplastic Combined Chemotherapy Protocols</subfield>
   </datafield>
   <datafield tag="653" ind2=" " ind1=" ">
      <subfield code="a">PHENOMENA AND PROCESSES::Genetic Phenomena::Genetic Variation::Mutation</subfield>
   </datafield>
   <datafield tag="653" ind2=" " ind1=" ">
      <subfield code="a">DISEASES::Neoplasms::Neoplasms by Histologic Type::Neoplasms, Germ Cell and Embryonal::Neuroectodermal Tumors::Neuroendocrine Tumors::Melanoma</subfield>
   </datafield>
   <datafield tag="653" ind2=" " ind1=" ">
      <subfield code="a">Other subheadings::Other subheadings::Other subheadings::/drug therapy</subfield>
   </datafield>
   <datafield tag="653" ind2=" " ind1=" ">
      <subfield code="a">DISEASES::Neoplasms::Neoplasms by Site::Skin Neoplasms</subfield>
   </datafield>
   <datafield tag="653" ind2=" " ind1=" ">
      <subfield code="a">CHEMICALS AND DRUGS::Chemical Actions and Uses::Pharmacologic Actions::Molecular Mechanisms of Pharmacological Action::Enzyme Inhibitors::Protein Kinase Inhibitors</subfield>
   </datafield>
   <datafield tag="653" ind2=" " ind1=" ">
      <subfield code="a">ANALYTICAL, DIAGNOSTIC AND THERAPEUTIC TECHNIQUES, AND EQUIPMENT::Diagnosis::Prognosis::Treatment Outcome</subfield>
   </datafield>
   <datafield tag="653" ind2=" " ind1=" ">
      <subfield code="a">TÉCNICAS Y EQUIPOS ANALÍTICOS, DIAGNÓSTICOS Y TERAPÉUTICOS::terapéutica::terapéutica::farmacoterapia::protocolos antineoplásicos::terapéutica::farmacoterapia::protocolos de quimioterapia antineoplásica combinada</subfield>
   </datafield>
   <datafield tag="653" ind2=" " ind1=" ">
      <subfield code="a">FENÓMENOS Y PROCESOS::fenómenos genéticos::variación genética::mutación</subfield>
   </datafield>
   <datafield tag="653" ind2=" " ind1=" ">
      <subfield code="a">ENFERMEDADES::neoplasias::neoplasias por tipo histológico::neoplasias de células germinales y embrionarias::tumores neuroectodérmicos::tumores neuroendocrinos::melanoma</subfield>
   </datafield>
   <datafield tag="653" ind2=" " ind1=" ">
      <subfield code="a">Otros calificadores::Otros calificadores::Otros calificadores::/farmacoterapia</subfield>
   </datafield>
   <datafield tag="653" ind2=" " ind1=" ">
      <subfield code="a">ENFERMEDADES::neoplasias::neoplasias por localización::neoplasias cutáneas</subfield>
   </datafield>
   <datafield tag="653" ind2=" " ind1=" ">
      <subfield code="a">COMPUESTOS QUÍMICOS Y DROGAS::acciones y usos químicos::acciones farmacológicas::mecanismos moleculares de acción farmacológica::inhibidores enzimáticos::inhibidores de proteínas cinasas</subfield>
   </datafield>
   <datafield tag="653" ind2=" " ind1=" ">
      <subfield code="a">TÉCNICAS Y EQUIPOS ANALÍTICOS, DIAGNÓSTICOS Y TERAPÉUTICOS::diagnóstico::pronóstico::resultado del tratamiento</subfield>
   </datafield>
   <datafield ind2="0" ind1="0" tag="245">
      <subfield code="a">Real-life evidence of encorafenib plus binimetinib in patients with unresectable advanced or metastatic BRAFV600-mutant melanoma in Spain: the BECARE (GEM-2002) trial</subfield>
   </datafield>
</record></metadata></record></GetRecord></OAI-PMH>